| 000 | 00987nam a2200265Ia 4500 | ||
|---|---|---|---|
| 003 | OSt | ||
| 005 | 20221005105542.0 | ||
| 006 | a|||||r|||| 00| 0 | ||
| 007 | ta | ||
| 008 | 221004b |||||||| |||| 00| 0 hin d | ||
| 020 |
_a9789386439291 (hbk) _cINR 450.00 |
||
| 024 | _a37158 | ||
| 037 |
_b377, 10/03/2018, Eastern Book Linkers _cTextual |
||
| 040 |
_aCRL _cCRL _bhin |
||
| 041 |
_2hin _ahin |
||
| 082 | _aR65,6:g, 152Q7 | ||
| 100 | _aतिवारी, यतीन्द्र, संपा. | ||
| 245 | 0 | _aप्रज्ञावेणु-विमर्श | |
| 246 | _aPrajnyāveṇu-vimarsha | ||
| 260 |
_aनई दिल्ली _bराधा पब्लिकेशन्स भारत _c2017 |
||
| 300 |
_a164पृ0 _ccm. |
||
| 650 | _aभगवत् गीता | ||
| 942 |
_hR65,6:g, 152Q7 _cTEXL _2cc |
||
| 999 |
_c1016152 _d1016152 |
||